Mon top 20 Best super Héros - Statistiques

Statistiques générales
  • Ce quiz a été pris 107 fois
  • Le résultat moyen est 5 sur 20
Statistiques - réponses
Hint Réponse % Correct
5 Spider-man
93%
9 Hulk
84%
13 Thor
76%
3 Black Panther
42%
14 Black widow
42%
2 Hawkeye
25%
8 Groot
23%
10 Vénom
23%
15 Gamora
22%
1 Star Lord
20%
17 Drax
18%
20 Mantis
14%
7 Joker
13%
12 Ghost rider
7%
6 Harley Quinn
7%
4 Rockett
7%
11 Shazam
7%
16 James barnes
6%
19 Crossbones
5%
18 Okoye
5%
Aucun quiz correspondant
Distribution des résultats
% des personnes avec chaque résultat
Percentile par nombre de réponses
Votre historique - résultats
Vous n’avez pas pris ce quiz